| 000 | 00676nam a2200193 a 4500 | ||
|---|---|---|---|
| 005 | 20220907132436.0 | ||
| 008 | 090518s2005 mx r 000 0 spa d | ||
| 020 | _a9688535850 | ||
| 035 | _aUPN01000170510 | ||
| 049 | _aCG | ||
| 050 | 4 |
_aHV6432.7 _bO5.3 |
|
| 245 | 0 | 0 |
_a11-S el informe : _bextracto del informe final de los atentados terroristas contra Estados Unidos / _ctr. Isabel Fuentes García. |
| 260 |
_aMéxico : _bPaidós, _c2005. |
||
| 300 |
_a348 p. : _bil. |
||
| 440 | 0 |
_aPaidós historia contemporánea ; _v027 |
|
| 650 | 0 |
_aAtaques terroristas del 11 de septiembre, 2001 _98520 |
|
| 650 | 4 |
_aTERRORISMO - _zESTADOS UNIDOS - _xPREVENCION _914610 |
|
| 905 | _aLibro | ||
| 999 |
_c142615 _d142615 |
||